| 000 | 00950nam1a22002771i 4500 | ||
|---|---|---|---|
| 001 | v19\rc\1321137 | ||
| 005 | 20260406092740.0 | ||
| 035 | _a(NLR Aleph) 004475545 | ||
| 090 |
_a4581566 _c4581566 |
||
| 100 | _a20060512g18331834|||y0rusy50 ca | ||
| 101 | 1 |
_arus _cfre |
|
| 102 | _aRU | ||
| 105 | _ay z ||||| | ||
| 200 | 1 |
_aЖена, муж и любовник _fСоч. К. Поль де Кок _gВольн. пер. с фр. Николая Севенарда. Ч. 1-4 |
|
| 210 |
_aМосква _cтип. С. Селивановского _d1833-1834 |
||
| 215 |
_a4 т. _d18 |
||
| 700 | 1 |
_7ca _8rus _aКок _bП. де _f1793-1871 _gПоль де _947240 _3RU\NLR\AUTH\7764311 |
|
| 702 | 1 |
_aСевенард _bН. М. _gНиколай М. _4730 |
|
| 801 | 0 |
_aRU _bNLR _gpsbo |
|
| 801 | 0 |
_aRU _bRuMoRGB _2psbo |
|
| 801 | 1 |
_aRU _bProSoft-M _2rusmarc |
|
| 852 |
_aNLR _j19.129.6.2 |
||
| 899 |
_aRuMoRGB _jR 122/97 |
||
| 899 | _aБАН | ||
| 942 | _cBOOK | ||